000 00939nam a2200349 a 4500
003 AR-BaBNM
005 20251128204942.0
008 082120s2002 ||||||||||||||000 | spa||
020 _a950-602-320-4
040 _cAR-BaBNM
100 1 _aAssoun, Paul-Laurent
245 0 0 _aEl perverso y la mujer en la literatura
260 _aBuenos Aires
_bNueva Visión
_c1995
300 _a367 p.
490 0 _aFreud Lacan
500 _aContiene índice de las materias en p. 355
504 _aBibliografía en p. 367
600 1 4 _aBaudelaire, Charles Pierre
600 1 4 _aWilde, Oscar
600 1 4 _aKafka, Franz
600 1 4 _aMishima, Yukio
650 4 _aANALISIS LITERARIO
650 4 _aINVESTIGACION LITERARIA
650 4 _aMUJERES
650 4 _aPSICOANALISIS
650 4 _aINVESTIGACION PSICOLOGICA
650 4 _aETICA
655 _aLITERATURA
800 1 _aHarari, Roberto
_edirector
942 _cBK
998 _cisola
999 _c9464
_d9464